000
00285nam a22001217a 4500
008
170609b xxu||||| |||| 00| 0 eng d
041
_a
eng
080
_2
5 ED
_a
328
100
_a
19
101
_a
SHP
245
_a
AMERICAN POLITICS AND POLITICAL CULTURE
_c
LYANS.W
942
_2
udc
_c
BK
999
_c
16603
_d
16603